Subdivision capitals closest to Corfu (GR) - Statistics

General Stats
  • This quiz has been taken 12 times
  • The average score is 8 of 20
Answer Stats
Distance (km) Answer % Correct
10 190 Tirana
100%
11 192 Durrës
71%
2 80 Ioánnina
71%
13 213 Lárissa
57%
14 219 Pátra
57%
3 101 Vlorë
57%
12 197 Bitola
43%
7 166 Elbasan
43%
1 53 Gjirokastër
43%
15 231 Lamía
43%
19 274 Shkodër
43%
20 276 Kukës
29%
9 181 Ohrid
29%
4 120 Berat
14%
5 127 Fier
14%
6 132 Korçë
14%
8 176 Kozáni
14%
17 241 Lezhë
14%
16 233 Peshkopi
14%
18 263 Ulcinj
14%
No matching quizzes found
Score Distribution
Percent of People with Each Score
Percentile by Number Answered
Your Score History
You have not taken this quiz